01169nam a2200241Ia 4500003000900000008004100009020001800050040001600068080002300084111009200107245027900199260004800478300001500526490002800541650004100569650005400610700002900664700003200693710003700725942000700762999001700769952014100786IN-BaIIA211028s9999 xx 000 0 eng d a0-521-85607-8 cIIA Library a082.2:52bIAU-C200 aColloquium of the International Astronomical Unionn200thcFranced2005 Oct. 3-7930043 0aDirect imaging of exoplanets-science and techniquesbproceedings of the 200th colloquium of the International Astronomical Union held in Villefranche Sur Mer, France, October 3-7, 2005cedited by Claude Aime and Farrokh Vakili  aCambridgebCambridge University Pressc2006 axxv, 638p. aIAU colloquium; no. 200 aExtrasolar planets-congresses930044 aImaging systems in astronomy - congresses.930045 aAime, Claude, ed.930046 aVakili, Farrokh, ed.930047 aInternational Astronomical Union cBK c16240d16240 00104070aBANbBANcGENd2006-10-19eEDS g4670.00l0o082.2:52/ IAU-C200p17162r2021-11-05v4670.00w2006-10-19yBKGRs. 4670.00